How To Prepare For The Cat 2005 (Record no. 308523)
[ view plain ]
| 000 -LEADER | |
|---|---|
| fixed length control field | 00417nam a2200157Ia 4500 |
| 008 - FIXED-LENGTH DATA ELEMENTS--GENERAL INFORMATION | |
| fixed length control field | 230718s9999 xx 000 0 und d |
| 041 ## - LANGUAGE CODE | |
| Language code of text/sound track or separate title | eng |
| 082 ## - DEWEY DECIMAL CLASSIFICATION NUMBER | |
| Classification number | 378.11 |
| Item number | MAN |
| 100 ## - MAIN ENTRY--PERSONAL NAME | |
| Personal name | Maneer M. |
| 9 (RLIN) | 145814 |
| 245 ## - TITLE STATEMENT | |
| Title | How To Prepare For The Cat 2005 |
| 260 ## - PUBLICATION, DISTRIBUTION, ETC. (IMPRINT) | |
| Date of publication, distribution, etc. | 2004 |
| Name of publisher, distributor, etc. | Tata McGraw-Hill |
| 365 ## - TRADE PRICE | |
| Currency code | Rs. |
| Price amount | 475.00 |
| 500 ## - GENERAL NOTE | |
| Keywords | 220 GEN |
| 700 ## - ADDED ENTRY--PERSONAL NAME | |
| Personal name | Maneer M. |
| 9 (RLIN) | 145814 |
| 906 ## - LOCAL DATA ELEMENT F, LDF (RLIN) | |
| d | B:21183/25/8/0413-Oct-2005 |
| c | OTH |
| b | 95 |
| Withdrawn status | Lost status | Source of classification or shelving scheme | Reference No | Damaged status | Not for loan | Home library | Current library | Date acquired | Vendor | Budget Code | Cost, normal purchase price | Bill number | Full call number | Barcode | Date last seen | Discount | Cost, replacement price | Bill Date | Koha item type | Original Barcode |
|---|---|---|---|---|---|---|---|---|---|---|---|---|---|---|---|---|---|---|---|---|
| Dewey Decimal Classification | Ref 220 G (19730) | Reference | Cummins College of Engineering for Women Pune | Cummins College of Engineering for Women Pune | 30/08/2004 | Pradeep Book Distributors | OTH | 380.00 | 21183/25/8/04 | 378.11 | CCEP-BK-19730 | 18/07/2023 | 95 | 475.00 | 13/10/2005 | Books | 019730 |